000
00227 a2200097 4500
001
28174
100
_a
Kemp, J E
245
_a
Planning and producing Audiovisual materials
260
_a
_b
Chaudler
_c
1963
090
_c
18829
_d
18829
942
_a
NUST-CAE
_c
M
_c
9812
999
_c
263247
_d
263247